Cir̲ukataiccelvam. (Record no. 73772)

MARC details
000 -LEADER
fixed length control field 00553cam a22002171 4500
001 - CONTROL NUMBER
control field sa 67003298
003 - CONTROL NUMBER IDENTIFIER
control field DLC
005 - DATE AND TIME OF LATEST TRANSACTION
control field 20260227112337.0
008 - FIXED-LENGTH DATA ELEMENTS--GENERAL INFORMATION
fixed length control field 890808s1966 ii 000 1 tamo
010 ## - LIBRARY OF CONGRESS CONTROL NUMBER
LC control number sa 67003298
035 ## - SYSTEM CONTROL NUMBER
System control number (OCoLC)20142375
040 ## - CATALOGING SOURCE
Original cataloging agency DLC
Transcribing agency WaU
Modifying agency DLC
050 00 - LIBRARY OF CONGRESS CALL NUMBER
Classification number PL4758.4
Item number .S2
100 0# - MAIN ENTRY--PERSONAL NAME
Personal name Cālai Iḷantiraiyan̲,
Dates associated with a name 1930-
245 10 - TITLE STATEMENT
Title Cir̲ukataiccelvam.
260 ## - PUBLICATION, DISTRIBUTION, ETC.
Date of publication, distribution, etc. [1966]
300 ## - PHYSICAL DESCRIPTION
Extent 232 p.
Dimensions 18 cm.
500 ## - GENERAL NOTE
General note In Tamil.
500 ## - GENERAL NOTE
General note Essays previously published in Uma.
650 #0 - SUBJECT ADDED ENTRY--TOPICAL TERM
Topical term or geographic name entry element Short stories, Tamil.

No items available.

Powered by Koha